书目信息 |
| 题名: |
工程力学
|
|
| 作者: | ;上海纺织工学院 编 | |
| 分册: | 上册 | |
| 出版信息: | 北京 人民教育出版社 1979 |
|
| 页数: | 347-556页 | |
| 开本: | 19cm | |
| 丛书名: | ||
| 单 册: | ||
| 中图分类: | TB12 | |
| 科图分类: | ||
| 主题词: | 工程力学--高等学校--教材 | |
| 电子资源: | ||
| ISBN: | ||
| 000 | 00658nam0 2200229 45 | |
| 001 | 0179008443 | |
| 005 | 20060818163953.15 | |
| 010 | @d¥0.57 | |
| 091 | @aCN@b15012.0180 | |
| 100 | @a19950801d1979 em y0chiy0121 ea | |
| 101 | 0 | @achi |
| 102 | @aCN@b110000 | |
| 105 | @ay z 000yy | |
| 200 | 10 | @a工程力学@Agong cheng li xue@h上册@h第二分册@f上海纺织工学院等编 |
| 210 | @a北京@c人民教育出版社@d1979 | |
| 215 | @a347-556页@d19cm | |
| 300 | @a高等学校试用教材 | |
| 606 | @a工程力学@x高等学校@x教材 | |
| 690 | @aTB12@v3 | |
| 711 | 02 | @a上海纺织工学院@Ashang hai fang zhi gong xue yuan@4编 |
| 801 | 0 | @aCN@bTSSF@c20060818 |
| 905 | @a10447@dTB12@e116:1(2) | |
| 工程力学.上册.第二分册/上海纺织工学院等编.-北京:人民教育出版社,1979 |
| 347-556页;19cm |
| 高等学校试用教材 |
| ISBN :¥0.57 |
| ● |
| 相关链接 |
|
|
|
|
正题名:工程力学
索取号:TB12/116:1(2)
 
预约/预借
| 序号 | 登录号 | 条形码 | 馆藏地/架位号 | 状态 | 备注 |
| 1 | 0458835 | 204588357 | 密集书库/ [索取号:TB12/116:1(2)] | 在馆 | |
| 2 | 0458836 | 204588366 | 密集书库/ [索取号:TB12/116:1(2)] | 在馆 |